| 000 | 00686 a2200205 4500 | ||
|---|---|---|---|
| 010 | _aENG-89605 | ||
| 020 |
_a8181572580 _c500.00 |
||
| 035 | _aEN-73138 | ||
| 037 | _bDBAD / PUB | ||
| 082 | 1 | 4 | _a884 |
| 090 |
_c11326 _d11326 |
||
| 100 | 1 | _aWeagel, Deborah | |
| 245 | 1 |
_aInterconnections: _cby Deborah Weagel _bessays on music, art, literature, and gender/ |
|
| 260 |
_aKolkata _bWriters Workshop _c2004 |
||
| 270 |
_a162/92, Lake Gardens, _bKolkatta _e700 045 |
||
| 300 |
_a183p. _c22 cm ( Hb.) |
||
| 490 | _aA Writers Workshop greybird book | ||
| 942 |
_adpl _cEN _k 884/ WEA |
||
| 999 |
_c11020 _d11020 |
||